000 00559nam a22001697a 4500
005 2012030709569.0
020 _c88.00
035 _aA-736146
037 _aDPL
_bENG
100 _aKale, M. G.
_943581
245 _aBhagawad-Geeta Commentary /
_cby M.G. Kale
250 _aVol.3 Chapter thirteen to eighteen
260 _aBombay
_bM.G. Kale
_c1994
300 _av, 262p.
_c18 cms.
942 _2ddc
_cEN
_h181.45
_mKAL
999 _c63844
_d63844